000 00455nam a2200157Ia 4500
003 OSt
005 20230526152509.0
008 211028s2009 xx 000 0 und d
040 _cAIMIT LIBRARY
041 _aeng
100 _aDsouza, Seema; Vijay, Deborah.
_g71822
_99088
110 _aDeborah Vijay
_99089
245 _aFinding effective inhibitors for uterine cancer using chemopreventive molecules.
260 _aMangalore
_c2009
942 _2ddc
_cPRO
999 _c220207
_d220207